000 00484nam a22001817a 4500
003 CEME
005 20210628210536.0
008 210209b xxu||||| |||| 00| 0 eng d
020 _a0-07-016561-0
040 _c.
082 _a690.89 JAH
100 _aDettenmaier, Paul Jahn, Bart
_979864
245 _aOffsite construction
260 _aNEW YORK
_bMCGRAW HILL
_c1997
300 _a441P
650 _aDWELLINGS DEGECTS BUILDING SITES HOUSE CONSTRUCTION
_979865
942 _cBK
_2ddc
999 _c584855
_d584855